Geometry Dash Demonlist - Statistics

General Stats
  • This quiz has been taken 105 times
  • The average score is 53 of 150
Answer Stats
# Creator Level % Correct
2 OniLink Tidal Wave
100%
1 iMist Amethyst
95%
16 IcEDCave Slaughterhouse
93%
147 BlackP2Sfull Silent Club
91%
10 TheRealSailent Silent Clubstep
91%
9 Riot Acheron
89%
8 Bo Avernus
84%
32 MindCap LIMBO
84%
3 ItzKiba Nullscapes
84%
4 MindCap Every End
82%
64 Bo The Golden
75%
13 Exen Abyss of Darkness
73%
7 nikrodox Anathema
73%
5 Akunakunn BOOBAWAMBA
73%
12 Exen Tunnel of Despair
73%
6 Insxne97 andromeda
70%
14 Demishio Kyouki
70%
17 MannyHeffley Menace
68%
18 Muffy450 Sakupen Circles
68%
50 APTeam Sonic Wave Infinity
68%
11 xander556 Spectre
66%
21 cherryteam Firework
64%
78 npesta Kenos
64%
55 Riot Tartarus
64%
79 BIANOX Zodiac
64%
35 TCTeam Codependence
61%
23 Lisp poocubed
61%
37 Renn241 walter white
61%
20 ItsHybrid Deimos
59%
19 cherryteam KOCMOC
59%
34 CDMusic Edge of Destiny
57%
25 Renn241 Saul Goodman
57%
40 Dorami The Yangire
57%
15 SyQual Subterminal Point
55%
22 lavatrex The Lightning Rod
55%
29 SyQual The Hallucination
50%
52 cherryteam Waterfall
48%
48 maxfs arcturus
45%
28 cherryteam Belladonna
45%
30 Cersia COMBUSTION
43%
36 cherryteam Mayhem
43%
127 ItzKiba Shardscapes
43%
98 Atomic Thinking Space
43%
26 hawkyre Eyes in the Water
41%
33 Moistyjc Gaggatrondra
41%
88 komp Hard Machine
41%
44 Vit12 ORDINARY
41%
41 artos SARYYX NEVER CLEAR
41%
69 zYuko Shukketsu
41%
31 Linear Solar Flare
41%
74 SyQual Trueffet
41%
43 APTeam Apocalyptic Trilogy
39%
97 para Cold Sweat
39%
27 CDMusic MINUSdry
39%
101 nikrodox Renevant
39%
113 LIEB ATOMIC CANNON Mk II
36%
38 HeroZombie80 Deadlier Clubstep
36%
24 fwefwe KOSETSU
36%
62 Benji8080 Oblivion
36%
39 denipol PSYCHOPATH
36%
47 Wahffle Sinister Silence
36%
59 NineDice UNKNOWN
36%
66 Nisha Verdant Landscape
36%
73 Endlevel Aerial Gleam
34%
67 LIEB ATOMIC CANNON Mk III
32%
46 zYuko Midnight
32%
65 iIiLaSeRiIi Natural Disaster
32%
116 KugelBlitz SARY NEVER CLEAR
32%
109 Amplitron shimmer
32%
42 rNexel Collapse
30%
110 TrueOmega Crimson Planet
30%
58 NekonGames Jigsaw
30%
91 ItsHybrid Keres
30%
99 GhostVandalf qoUEO
30%
119 neigefeu RUST
30%
63 hawkyre Viprin UFO
30%
122 NineDice Cobwebs
27%
112 Endlevel Cognition
27%
51 Dzeser Damascus
27%
57 Drakosa Delta
27%
133 Platnuu Omega Interface
27%
49 Galaxxyss BEELINE
25%
60 Inex BPATA MPAKA
25%
107 Walroose Calculator Core
25%
71 gruzy Checked Steam
25%
61 spcreat Cimmerian Shade
25%
56 HushLC Climax
25%
114 APTeam Cosmic Cyclone
25%
54 Zeniux Crystal Crusher
25%
95 tenzk Dry Out Copyable 2
25%
77 HangerLord Judgement Knights
25%
68 Agat3 NETWORK
25%
82 Jenkins GD NEUTRA
25%
115 ta1LSD0ll ta1LSD0ll
25%
72 Zeniux Critical Heat
23%
80 SyQual Esfera
23%
105 KrmaL Instinct
23%
121 CairoX Lucid Nightmares
23%
137 Akunakunn me when machine gang
23%
102 IcEDCave SUPERHATEMEWORLD
23%
89 Demishio Widestep
23%
75 bosjoker Destruction 19
20%
149 Armadeus Kappa
20%
93 StarkytheSalad Lotus Flower
20%
136 knobbelboy Ragnarok
20%
45 Dolabill The Plunge
20%
53 Amplitron Coalescence
18%
148 SleyGD Escape Room
18%
96 Endlevel Promethean
18%
130 Surjaco RUTHLESS
18%
70 Xyriak Terminal Rampancy
18%
103 DreamZoneGD ConClusion
16%
90 AlrexX Crackhead Circles
16%
142 GrenadeofTacos Descent Into Exile
16%
146 Akunakunn Jupiter My Favourite
16%
138 Custi SAND SAILOR
16%
145 Akunakunn Scrubbabingo Force
16%
106 Dorvict Sky Shredder
16%
76 Zacanaii The Paroxysm of Rage
16%
108 cherryteam Trotil
16%
104 mbed We Are Not The Same
16%
92 Rimexon Ascent
14%
87 Endlevel Fragile
14%
94 Quaybus Frost Spirit
14%
83 Enfur Guideless Goobering
14%
132 Shrc Horros
14%
126 Moffe Launchpad Labyrinth
14%
86 L4tezk Lithium
14%
150 theParadoxTeam no jokes
14%
117 Dan2D Rigel
14%
85 TMco Scream Machine
14%
100 Enfur Starlit Stroll
14%
144 Ka1ns The Rupture
14%
128 XLSpiral Amalgam
11%
81 SaturMan Axinie
11%
125 awesomeme360 Coral Cave
11%
120 Moosh CORRODERE
11%
143 wespdx Deep Bass
11%
139 Cersia Pandemonium
11%
131 MaxxoRMeN Sides of My Mind
11%
140 mbed The Art of the Blade
11%
134 kapytca999 Ykds1479ymdppr
11%
118 VoTcHi Akashic Records
9%
135 Fliqh Axiom Asterism
9%
111 wokecat DIRECTIONS
9%
84 ImMaxX1 DISSONANCE
9%
123 solarion Gloxinia
9%
129 Mercury6779 Indivine
9%
124 recillia Neon Skyline
7%
141 TMco FARBIDI THEORY
5%
No matching quizzes found
Score Distribution
Percent of People with Each Score
Percentile by Number Answered
Your Score History
You have not taken this quiz